000
00268nam a22001217a 4500
008
170915b xxu||||| |||| 00| 0 eng d
041
_a
eng
080
_a
7
100
_a
44
101
_a
ART
245
_a
OUR AMAZING WORLD OF NATURE
_c
MARVELS
942
_2
udc
_c
BK
999
_c
27776
_d
27776